Представление документа в формате MARC21

Поле Инд. ПП Название Значение
Тип записи a
Библиографический уровень m
001 Контрольный номер be81dba4-c94d-4e78-b0d9-4ea866f06c1b
005 Дата корректировки 20140703150507.6
008 Кодируемые данные 061005
020 a ISBN 5-238-00128-2
c Цена, тираж 80.00
040 a Служба первич. каталог. НБ ТвГУ
041 a Код языка текста rus
080 a Индекс УДК 930.85(100)(091)(075.8)
084 a Индекс другой классификации/Индекс ББК Т3(0)0-7я73-1
090 x Авторский знак К90
a Полочн. индекс Т3(0)
245 10 a Заглавие Культурология
b Продолж. заглавия учеб. для студентов вузов
c Ответственность под ред. А. Н. Марковой
250 b Дополнительные сведения об издании 3-е изд.
260 0_ a Место издания Москва
b Издательство ЮНИТИ
c Дата издания 2007
300 a Объем 315, [4] с.
500 a Примечание Авт.указаны на 4-й с.
504 a Библиография Библиогр.в конце кн. и в подстроч. примеч.
583 a Действие Получение впервые 370 04.10.2006
k Исполнитель действия ООО "Издательство ЮНИТИ-ДАНА"
650 a Основная рубрика Культура
x Основная подрубрика История
653 a Ключевые слова Культура
a Ключевые слова История культуры
a Ключевые слова Художественная культура
a Ключевые слова Цивилизация
700 1_ a Другие авторы Маркова А. Н.
e Роль лиц авт., ред.
700 1_ a Другие авторы Айсина Ф. О.
e Роль лиц авт.
700 1_ a Другие авторы Никитич Л. А.
e Роль лиц авт.
700 1_ a Другие авторы Кривцова Н. С.
e Роль лиц авт.
700 1_ a Другие авторы Воскресенская Н. О.
e Роль лиц авт.
852 t Порядковый номер экземпляра 5
p Инвентарный номер 851412
p Инвентарный номер 851413
p Инвентарный номер 851414
p Инвентарный номер 851415
p Инвентарный номер 851416
888 a За счет средств университета
952 p 370.2006 80.00 1 851412
p 370.2006 80.00 1 851413
p 370.2006 80.00 1 851414
p 370.2006 80.00 1 851415
p 370.2006 80.00 1 851416
c Вид литературы К ру
954 a Дата поступления на обработку 20061016
999 a Подразделение 2 уч.о.